00349 a2200121 4500020002300000035001300023037004500036082000800081100002200089245004900111260004400160300002300204 a0007122594c575.60 aB-211620 bRP-ZLS-2783 / UBH-07-08:6 / RP-07-08:ENG14a8821 aChristies, Agatha1 aThe seven dials mysterycby Agatha Christies aLondonbHarper Collins Publishersc2001 a375 pc18 cm (pbk)